00523nam a2200145 i 450000100060000000300090000600500170001500700030003200800410003511100810007624501010015726000580025830000380031685200230035443721ES-MaACL20250627024131.0t|030318q1917 sp ||||1| spa d2 aExposición Nacional de Pintura, Escultura y Arquitectura (d1917.cMadrid)10aCatálogo oficial de la Exposición Nacional de Pintura, Escultura y Arquitectura, año 1917. aMadrid : b[s.n., c1917?] (fArtes Gráficas Mateu) a63 p., 40 h. de lám. ; c20 cm. aES-MaACLjG-10463